书目信息 |
| 题名: |
劳务派遣公司规范化运营手册
|
|
| 作者: | ;弗布克管理咨询中心 编著 | |
| 分册: | ||
| 出版信息: | 北京 化学工业出版社 2021.05 |
|
| 页数: | X, 195页 | |
| 开本: | 24cm | |
| 丛书名: | 劳务派遣服务与规范化管理系列 | |
| 单 册: | ||
| 中图分类: | F249.23-62 , F249.2 | |
| 科图分类: | ||
| 主题词: | 劳动服务公司--lao dong fu wu gong si--企业管理--中国--手册 | |
| 电子资源: | ||
| ISBN: | 978-7-122-38420-1 | |
| 000 | 01335nam 2200277 450 | |
| 001 | 2242109498 | |
| 005 | 20221020114224.88 | |
| 010 | @a978-7-122-38420-1@dCNY59.00 | |
| 100 | @a20210601d2021 em y0chiy50 ea | |
| 101 | 0 | @achi |
| 102 | @aCN@b110000 | |
| 105 | @aak a 000yy | |
| 200 | 1 | @a劳务派遣公司规范化运营手册@Alao wu pai qian gong si gui fan hua yun ying shou ce@d= Standardized operation manual of labor dispatch company@f弗布克管理咨询中心编著@zeng |
| 210 | @a北京@c化学工业出版社@d2021.05 | |
| 215 | @aX, 195页@c图@d24cm | |
| 225 | 2 | @a劳务派遣服务与规范化管理系列@Alao wu pai qian fu wu yu gui fan hua guan li xi lie |
| 320 | @a有书目 | |
| 330 | @a本书内容包括劳务派遣公司的成立与业务范围, 劳务派遣公司的组织设计, 劳务派遣业务解决方案, 劳务派遣业务市场开拓, 劳务派遣业务规范化运营, 劳务派遣纠纷、风险与内部控制, 劳务派遣公司行政人事规范化管理, 劳务派遣公司财会税务规范化管理共计8个章节, 是一本实操性很强的工作指导用书。 | |
| 410 | 0 | @12001 @a劳务派遣服务与规范化管理系列 |
| 510 | 1 | @aStandardized operation manual of labor dispatch company@zeng |
| 606 | 0 | @a劳动服务公司@Alao dong fu wu gong si@x企业管理@y中国@j手册 |
| 690 | @aF249.23-62@v5 | |
| 690 | @aF249.2@v4 | |
| 711 | 02 | @a弗布克管理咨询中心@Afu bu ke guan li zi xun zhong xin@4编著 |
| 801 | 0 | @aCN@b人天书店@c20210601 |
| 905 | @aZUCC@dF249.2@e8 | |
| 劳务派遣公司规范化运营手册= Standardized operation manual of labor dispatch company/弗布克管理咨询中心编著.-北京:化学工业出版社,2021.05 |
| X, 195页:图;24cm.-(劳务派遣服务与规范化管理系列) |
| ISBN 978-7-122-38420-1:CNY59.00 |
| 本书内容包括劳务派遣公司的成立与业务范围, 劳务派遣公司的组织设计, 劳务派遣业务解决方案, 劳务派遣业务市场开拓, 劳务派遣业务规范化运营, 劳务派遣纠纷、风险与内部控制, 劳务派遣公司行政人事规范化管理, 劳务派遣公司财会税务规范化管理共计8个章节, 是一本实操性很强的工作指导用书。 |
| ● |
| 相关链接 |
|
|
|
正题名:劳务派遣公司规范化运营手册
索取号:F249.2/8
 
预约/预借
| 序号 | 登录号 | 条形码 | 馆藏地/架位号 | 状态 | 备注 |
| 1 | 2000915317 | 2000915317 | 第三书库/ [索取号:F249.2/8] | 在馆 | |
| 2 | 2000915318 | 2000915318 | 第三书库/ [索取号:F249.2/8] | 在馆 | |
| 3 | 2000915319 | 2000915319 | 第三书库/ [索取号:F249.2/8] | 在馆 |